000
00289nam a22001337a 4500
020
_a
9788182092218
041
_a
ENG
100
_a
Leon.A
245
_a
Database Management Systems
260
_a
New York
_b
Leon Vikas
_c
1999
300
_a
988
650
_a
Computer
856
_u
Computer
999
_c
2426
_d
2426